| 000 | 00517nam a2200181 a 4500 | ||
|---|---|---|---|
| 005 | 20210223125417.0 | ||
| 008 | 040811s1984 mx r 000 0 spa d | ||
| 035 | _aUPN01000134194 | ||
| 049 | _aCG | ||
| 050 | 4 |
_aF1221 O8.6 _bS2.3 |
|
| 100 | 1 | _aSalinas Pedraza, Jesús | |
| 245 | 1 | 0 |
_aEtnografía del otomí / _cJesús Salinas Pedraza. |
| 260 |
_aMéxico : _bINI, _c1984. |
||
| 300 |
_a377 p. : _bil. |
||
| 650 | 4 |
_aOTOMIES - _xVIDA SOCIAL Y COSTUMBRES _919749 |
|
| 650 | 4 |
_aOTOMI - _vTEXTOS _919748 |
|
| 905 | _aLibro | ||
| 999 |
_c106345 _d106345 |
||